माया ने घुमायोः (Record no. 209955)

MARC details
000 -LEADER
fixed length control field 01252nam a22002177a 4500
005 - DATE AND TIME OF LATEST TRANSACTION
control field 20251210103323.0
010 ## - LCCN (DPL NO)
LC control number HIN-130555 B-771851-860 25BACHN25
020 ## - INTERNATIONAL STANDARD BOOK NUMBER
International Standard Book Number 9789391950163
Terms of availability 595.00
035 ## - SYSTEM CONTROL NUMBER
System control number B-771851-860
035 ## - SYSTEM CONTROL NUMBER
System control number HN-102901
037 ## - SOURCE OF ACQUISITION
Source of stock number/acquisition राधाकृष्ण प्रकाशन
037 ## - SOURCE OF ACQUISITION
Source of stock number/acquisition DBAD
082 ## - DEWEY DECIMAL CLASSIFICATION NUMBER
Classification number
100 ## - MAIN ENTRY--PERSONAL NAME
Personal name पाण्डे मृणाल
245 ## - TITLE STATEMENT
Title माया ने घुमायोः
Remainder of title बच्चों को न सुनाने लायक बालकथाएँ/
Statement of responsibility, etc मृणाल पाण्डे
260 ## - PUBLICATION, DISTRIBUTION, ETC. (IMPRINT)
Place of publication, distribution, etc दिल्ली
Name of publisher, distributor, etc राधाकृष्ण प्रकाशन
Date of publication, distribution, etc 2024
270 ## - ADDRESS
Address जी-17, जगतपुरी
City दिल्ली
Postal code 110051
300 ## - PHYSICAL DESCRIPTION
Extent 215 पृ.
Dimensions 23सेमी (सजिल्द)
942 ## - ADDED ENTRY ELEMENTS (KOHA)
Item type Hindi Books
Source of classification or shelving scheme Dewey Decimal Classification
Classification part
Call number suffix पाण्डेमृ
Holdings
Withdrawn status Lost status Not for loan Collection code Home library Current library Date acquired Source of acquisition Cost, normal purchase price Full call number Barcode Copy number Cost, replacement price Koha item type
      Fiction Ashok Vihar Ashok Vihar 11/08/2025 राधाकृष्ण प्रकाशन प्रा.लि./3282/24.03.2025/162/21.03.2025/27.03.2025 595.00 क पाण्डेमृ B-771853 1 595.00 Hindi Books
      Fiction Bagh Kadhe Khan Bagh Kadhe Khan 11/08/2025 राधाकृष्ण प्रकाशन प्रा.लि./3282/24.03.2025/162/21.03.2025/27.03.2025 595.00 क पाण्डेमृ B-771858 1 595.00 Hindi Books
      Fiction Bawana Bawana 11/08/2025 राधाकृष्ण प्रकाशन प्रा.लि./3282/24.03.2025/162/21.03.2025/27.03.2025 595.00 क पाण्डेमृ B-771859 1 595.00 Hindi Books
      Fiction Central Library Central Library 11/08/2025 राधाकृष्ण प्रकाशन प्रा.लि./3282/24.03.2025/162/21.03.2025/27.03.2025 595.00 क पाण्डेमृ B-771851 1 595.00 Hindi Books
      Fiction Janak Puri Janak Puri 11/08/2025 राधाकृष्ण प्रकाशन प्रा.लि./3282/24.03.2025/162/21.03.2025/27.03.2025 595.00 क पाण्डेमृ B-771854 1 595.00 Hindi Books
      Fiction New Police Line New Police Line 11/08/2025 राधाकृष्ण प्रकाशन प्रा.लि./3282/24.03.2025/162/21.03.2025/27.03.2025 595.00 क पाण्डेमृ B-771852 1 595.00 Hindi Books
      Fiction New Rohtak Road New Rohtak Road 11/08/2025 राधाकृष्ण प्रकाशन प्रा.लि./3282/24.03.2025/162/21.03.2025/27.03.2025 595.00 क पाण्डेमृ B-771857 1 595.00 Hindi Books
      Fiction Sarojini Nagar Sarojini Nagar 11/08/2025 राधाकृष्ण प्रकाशन प्रा.लि./3282/24.03.2025/162/21.03.2025/27.03.2025 595.00 क पाण्डेमृ B-771855 1 595.00 Hindi Books
      Fiction Sarojini Nagar Sarojini Nagar 10/12/2025 DBAD 695.00 क पाण्डेमृ HN-102901 1 695.00 Hindi Books
      Fiction Shahdara Branch Shahdara Branch 11/08/2025 राधाकृष्ण प्रकाशन प्रा.लि./3282/24.03.2025/162/21.03.2025/27.03.2025 595.00 क पाण्डेमृ B-771860 1 595.00 Hindi Books
      Fiction Vinoba Puri Vinoba Puri 11/08/2025 राधाकृष्ण प्रकाशन प्रा.लि./3282/24.03.2025/162/21.03.2025/27.03.2025 595.00 क पाण्डेमृ B-771856 1 595.00 Hindi Books

© Delhi Public Library
Hit Counter
free hit counter